Vector mechanics for engineers : (Record no. 4048)

MARC details
000 -LEADER
fixed length control field 00732 a2200229 4500
010 ## - LCCN (DPL NO)
LC control number ENG-86051
020 ## - INTERNATIONAL STANDARD BOOK NUMBER
International Standard Book Number 0070648263
Terms of availability 350.00
035 ## - SYSTEM CONTROL NUMBER
System control number EN-69584
037 ## - SOURCE OF ACQUISITION
Source of stock number/acquisition D.B.Act / Pub
082 14 - DEWEY DECIMAL CLASSIFICATION NUMBER
Classification number 531.102462
245 1# - TITLE STATEMENT
Title Vector mechanics for engineers :
Statement of responsibility, etc by Ferdinand P. Beer..[et.al]
Remainder of title dynamics (SI Units) /
250 ## - EDITION STATEMENT
Edition statement 8th ed.
260 ## - PUBLICATION, DISTRIBUTION, ETC. (IMPRINT)
Place of publication, distribution, etc New Delhi
Name of publisher, distributor, etc Tata Mc-Graw Hill Publishing
Date of publication, distribution, etc 2007
270 ## - ADDRESS
Address 7, West Patel Nagar
City New Delhi
Postal code 110 008
300 ## - PHYSICAL DESCRIPTION
Extent xix, 601-1356 p.
Dimensions 24 cm. (Pbk.)
500 ## - GENERAL NOTE
General note Includes index
700 1# - ADDED ENTRY--PERSONAL NAME
Personal name Beer, Ferdinand P.
700 1# - ADDED ENTRY--PERSONAL NAME
Personal name Johnson, E. Russell
700 1# - ADDED ENTRY--PERSONAL NAME
Personal name Eisemberg, Elliot R.
700 1# - ADDED ENTRY--PERSONAL NAME
Personal name Claused, William E.
942 ## - ADDED ENTRY ELEMENTS (KOHA)
Institution code [OBSOLETE] dpl
Item type English Books
Source of classification or shelving scheme Dewey Decimal Classification
Classification part 531.102462
Call number suffix VEC
Holdings
Withdrawn status Lost status Not for loan Collection code Home library Current library Date acquired Source of acquisition Cost, normal purchase price Full call number Barcode Copy number Cost, replacement price Koha item type
    Not For Loan Non-fiction D.B.Act.Division D.B.Act.Division   DBAD/PUB 350.00 531.102462 VEC EN-69584 1 350.00 English Books

© Delhi Public Library
Hit Counter
free hit counter